[Event "SVM_Regionalliga_2023-24"]
[Site "?"]
[Date "2023.11.05"]
[Round "4.2"]
[White "Schüller, Tobias"]
[Black "Sassenscheidt, Frank"]
[Result "1/2-1/2"]
[WhiteElo "1918"]
[BlackElo "1976"]
[PlyCount "92"]
[EventDate "2023.11.05"]
[WhiteTeam "Eschweiler SC 1"]
[BlackTeam "Arminia Eilendorf 1"]

1. Nf3 Nf6 2. c4 g6 3. d4 Bg7 4. Nc3 O-O 5. e4 d6 6. Be2 c6 7. O-O a6 8. a4 a5
9. Ne1 e5 10. d5 Na6 11. Nd3 Nd7 12. Be3 Ndc5 13. Nxc5 Nxc5 14. Qc2 f5 15. f3
Bf6 16. Rfd1 Qe7 17. Kh1 Bd7 18. dxc6 bxc6 19. Rd2 Be6 20. Rad1 Nb7 21. exf5
Bxf5 22. Bd3 Bg5 23. Bxg5 Qxg5 24. Be4 Qe7 25. Bxf5 gxf5 26. c5 d5 27. Ne2 Rab8
28. Rc1 Nd8 29. f4 e4 30. Nd4 Rb4 31. b3 e3 32. Rdd1 Qf6 33. Qd3 Re8 34. Nxf5
e2 35. Re1 Rxf4 36. Ng3 Rf8 37. Qxe2 Rf2 38. Qe3 Kh8 39. Qe5 Qxe5 40. Rxe5 Rb2
41. Rce1 Rxb3 42. Nf5 Kg8 43. Ne7+ Kg7 44. Rg5+ Kf6 45. Rf5+ Kg7 46. Rg5+ Kf6
1/2-1/2

[Event "SVM_Regionalliga_2023-24"]
[Site "?"]
[Date "2023.11.05"]
[Round "4.3"]
[White "Tipp, Alexander"]
[Black "Henrotte, Nils"]
[Result "1/2-1/2"]
[WhiteElo "1847"]
[BlackElo "1968"]
[PlyCount "68"]
[EventDate "2023.11.05"]
[WhiteTeam "Arminia Eilendorf 1"]
[BlackTeam "Eschweiler SC 1"]

1. e4 e6 2. d4 d5 3. e5 c5 4. c3 Nc6 5. Nf3 Nh6 6. Bd3 Nf5 7. Bxf5 exf5 8. a3
Be7 9. h4 h6 10. b4 b6 11. Be3 Qc7 12. Nbd2 O-O 13. Nf1 Nd8 14. Qd2 h5 15. Rc1
Ne6 16. Ng5 Bb7 17. Ng3 g6 18. O-O Qc6 19. Ne2 Nxg5 20. Bxg5 Bxg5 21. Qxg5 Ba6
22. Rfe1 Bxe2 23. Rxe2 Kg7 24. e6 fxe6 25. Qe7+ Rf7 26. Qxe6 Qxe6 27. Rxe6 Rc8
28. dxc5 bxc5 29. Rd6 cxb4 30. axb4 Rb7 31. Rxd5 Rxb4 32. g3 Rc7 33. Ra1 Rb6
34. Re5 Rbc6 1/2-1/2

[Event "SVM_Regionalliga_2023-24"]
[Site "?"]
[Date "2023.11.05"]
[Round "4.4"]
[White "Kaluza, Josef"]
[Black "Alms, Frithjof"]
[Result "1/2-1/2"]
[WhiteElo "2032"]
[BlackElo "1811"]
[PlyCount "35"]
[EventDate "2023.11.05"]
[WhiteTeam "Eschweiler SC 1"]
[BlackTeam "Arminia Eilendorf 1"]

1. b3 c6 2. e4 d5 3. e5 Bf5 4. d4 e6 5. Bd3 Bxd3 6. Qxd3 c5 7. Nf3 Nc6 8. O-O
cxd4 9. Bb2 Bc5 10. Nxd4 Bxd4 11. Bxd4 Nxd4 12. Qxd4 Ne7 13. Nd2 O-O 14. Rfd1
Qc7 15. Nf3 Qxc2 16. Rdc1 Qf5 17. Rc7 Nc6 18. Qe3 1/2-1/2

[Event "SVM_Regionalliga_2023-24"]
[Site "?"]
[Date "2023.11.05"]
[Round "4.5"]
[White "Mainka, Ingmar"]
[Black "Spies, Ulrich"]
[Result "1/2-1/2"]
[WhiteElo "1850"]
[BlackElo "1866"]
[PlyCount "91"]
[EventDate "2023.11.05"]
[WhiteTeam "Arminia Eilendorf 1"]
[BlackTeam "Eschweiler SC 1"]

1. e4 g6 2. Nf3 Bg7 3. Bc4 e6 4. Nc3 Ne7 5. e5 d5 6. exd6 cxd6 7. O-O d5 8.
Bb5+ Bd7 9. d4 Bxb5 10. Nxb5 a6 11. Na3 Nbc6 12. c3 O-O 13. Bg5 h6 14. Bxe7
Nxe7 15. Nc2 Kh7 16. Nb4 Rc8 17. Nd3 b6 18. Qe2 Nc6 19. a4 a5 20. Rfe1 Qd6 21.
Rad1 Rc7 22. Nfe5 Nxe5 23. Nxe5 Bxe5 24. Qxe5 Qxe5 25. Rxe5 Rc4 26. Ra1 Re8 27.
f4 h5 28. Kf2 Kg7 29. Kf3 Rh8 30. g3 Kf6 31. h3 Kg7 32. Kg2 Kf6 33. g4 hxg4 34.
hxg4 Ke7 35. f5 gxf5 36. gxf5 Kd6 37. fxe6 fxe6 38. Rg5 Rh4 39. Rg3 Re4 40. Kf2
Rc8 41. Rag1 Rf8+ 42. Rf3 Rxf3+ 43. Kxf3 Rh4 44. Kg3 Rh7 45. Re1 Rg7+ 46. Kf3
1/2-1/2

[Event "SVM_Regionalliga_2023-24"]
[Site "?"]
[Date "2023.11.05"]
[Round "4.6"]
[White "Singh, Marcel"]
[Black "Nguyen, Tuan-Anh"]
[Result "1-0"]
[WhiteElo "1840"]
[BlackElo "1763"]
[PlyCount "65"]
[EventDate "2023.11.05"]
[WhiteTeam "Eschweiler SC 1"]
[BlackTeam "Arminia Eilendorf 1"]

1. e4 c5 2. c3 d6 3. d4 cxd4 4. cxd4 Nf6 5. Nc3 g6 6. h3 Bg7 7. Nf3 O-O 8. Bd3
Nc6 9. O-O b6 10. Bg5 Nd7 11. Bb5 Bb7 12. Rc1 a6 13. Ba4 Rc8 14. Nd5 Re8 15.
Re1 h6 16. Bh4 g5 17. Bg3 b5 18. Bc2 Nb6 19. Ne3 e6 20. b3 Qe7 21. d5 Ne5 22.
Nd4 Ng6 23. Nef5 exf5 24. Nxf5 Qd7 25. Nxg7 Kxg7 26. Qd4+ Ne5 27. Qxb6 f5 28.
exf5 Nf3+ 29. gxf3 Rxe1+ 30. Rxe1 Rxc2 31. Bxd6 Qxf5 32. Be5+ Kg8 33. Qxb7 1-0

[Event "SVM_Regionalliga_2023-24"]
[Site "?"]
[Date "2023.11.05"]
[Round "4.7"]
[White "Leuchter, Johannes"]
[Black "Olbricht, Wolfgang"]
[Result "1/2-1/2"]
[WhiteElo "1684"]
[BlackElo "1855"]
[PlyCount "117"]
[EventDate "2023.11.05"]
[WhiteTeam "Arminia Eilendorf 1"]
[BlackTeam "Eschweiler SC 1"]

1. Nf3 Nf6 2. g3 c5 3. Bg2 Nc6 4. c3 e5 5. d3 d5 6. Nbd2 Be7 7. O-O O-O 8. Re1
h6 9. c4 d4 10. Nb3 Bf5 11. Nh4 Bd7 12. Bd2 Re8 13. Qc1 Bf8 14. e3 Qc7 15. e4
a5 16. Qd1 Nb4 17. Nc1 Bd6 18. a3 Nc6 19. Rf1 g5 20. Nf3 Ne7 21. Ne1 Ng6 22. f3
Kg7 23. Ne2 Nh5 24. a4 b6 25. Qc1 Rf8 26. b3 Rae8 27. g4 Nhf4 28. Nxf4 Nxf4 29.
Bxf4 exf4 30. Kf2 Rh8 31. Rh1 Rh7 32. Nc2 Reh8 33. Qd2 Qd8 34. Rae1 Be5 35.
Reg1 Be6 36. h3 Kf8 37. Na3 Bd7 38. Qd1 Qe7 39. Qe1 Bf6 40. Qe2 Kg7 41. Re1 Be5
42. Reg1 Kf8 43. Qd1 Ke8 44. Re1 Kd8 45. Qe2 Qf6 46. Qd1 Kc8 47. Ke2 Re8 48.
Reg1 Qe7 49. Kf2 Bf6 50. Re1 Qf8 51. Qc1 Qh8 52. Reg1 Re6 53. Re1 Bd8 54. Nc2
Kb8 55. Na3 Kc8 56. Nc2 Kb8 57. Na3 Kc8 58. Nc2 Kb8 59. Na3 1/2-1/2

[Event "SVM_Regionalliga_2023-24"]
[Site "?"]
[Date "2023.11.05"]
[Round "4.8"]
[White "Nathan, Laksan"]
[Black "Korr, Christopher"]
[Result "1-0"]
[WhiteElo "1711"]
[BlackElo "1721"]
[PlyCount "53"]
[EventDate "2023.11.05"]
[WhiteTeam "Eschweiler SC 1"]
[BlackTeam "Arminia Eilendorf 1"]

1. e4 c5 2. b4 e5 3. Bb2 Nf6 4. Bc4 Qc7 5. b5 d6 6. Nc3 Nbd7 7. a4 Nb6 8. Ba2
Be6 9. a5 Nc4 10. Bxc4 Bxc4 11. d3 Be6 12. Nf3 Be7 13. O-O O-O 14. Ne2 Bg4 15.
Ng3 c4 16. h3 Bd7 17. Qb1 cxd3 18. cxd3 Bxb5 19. Rc1 Qd7 20. Nf5 Rfc8 21. Rxc8+
Rxc8 22. Bxe5 Bf8 23. Bxf6 gxf6 24. Nh2 d5 25. Ng4 Bg7 26. Qb2 Qd8 27. Qxb5 1-0

[Event "SVM_Regionalliga_2023-24"]
[Site "?"]
[Date "2023.12.10"]
[Round "5.1"]
[White "Karimi, Farhad"]
[Black "Mainka, Alwin"]
[Result "0-1"]
[WhiteElo "2069"]
[BlackElo "2163"]
[PlyCount "80"]
[EventDate "2023.12.10"]
[WhiteTeam "Satranç Club 1"]
[BlackTeam "Arminia Eilendorf 1"]

1. d4 Nf6 2. c4 g6 3. Nc3 d5 4. cxd5 Nxd5 5. e4 Nxc3 6. bxc3 Bg7 7. Bg5 c5 8.
Rc1 O-O 9. Nf3 h6 10. Be3 b6 11. Qd2 Kh7 12. dxc5 Qc7 13. cxb6 axb6 14. Nd4 Nd7
15. Bb5 Nc5 16. f3 Rd8 17. Qc2 Ra5 18. Bc4 Ba6 19. Bxa6 Nxa6 20. O-O e5 21. Nb3
Ra4 22. Nd2 Nc5 23. Nb3 Ne6 24. Qf2 Rd6 25. Rfd1 Rc6 26. Qd2 Ra7 27. Kh1 Bf8
28. Qf2 Be7 29. Rd3 Bg5 30. Bxg5 hxg5 31. g3 Rc4 32. Qd2 g4 33. Rf1 Rca4 34.
Nc1 Qc4 35. Kg1 Nc5 36. Rd8 Ne6 37. Rd7 gxf3 38. Rxf3 Ng5 39. Rfd3 Rxd7 40.
Rxd7 Nf3+ 0-1

[Event "SVM_Regionalliga_2023-24"]
[Site "?"]
[Date "2023.12.10"]
[Round "5.2"]
[White "Souren, Jürgen"]
[Black "Al Soliman, Osama"]
[Result "1/2-1/2"]
[WhiteElo "2138"]
[BlackElo "1931"]
[PlyCount "81"]
[EventDate "2023.12.10"]
[WhiteTeam "Arminia Eilendorf 1"]
[BlackTeam "Satranç Club 1"]

1. g3 d5 2. Bg2 Nf6 3. Nf3 Nc6 4. O-O e6 5. b3 Be7 6. Bb2 O-O 7. e3 b5 8. Qe2
Rb8 9. d3 Bb7 10. Nbd2 a5 11. Rfd1 b4 12. Rac1 Bc5 13. e4 d4 14. Rf1 h6 15.
Rce1 Na7 16. e5 Nd5 17. Ne4 Nc3 18. Bxc3 Bxe4 19. Qxe4 dxc3 20. h4 Nb5 21. Qg4
Nd4 22. Nxd4 Bxd4 23. Re4 c5 24. Rfe1 Qc7 25. R1e2 Rb6 26. Kh2 a4 27. Qh5 axb3
28. axb3 f5 29. exf6 Rxf6 30. f4 Qf7 31. Qg4 h5 32. Qh3 g6 33. Re1 Ra6 34. R4e2
Ra2 35. Kh1 Ra6 36. Be4 Qa7 37. Qg2 Ra1 38. Bc6 Kg7 39. Qf1 Rxe1 40. Qxe1 Qf7
41. Bg2 {(=)} 1/2-1/2

[Event "SVM_Regionalliga_2023-24"]
[Site "?"]
[Date "2023.12.10"]
[Round "5.3"]
[White "Manay, Güven"]
[Black "Sassenscheidt, Frank"]
[Result "1/2-1/2"]
[WhiteElo "1865"]
[BlackElo "1976"]
[PlyCount "84"]
[EventDate "2023.12.10"]
[WhiteTeam "Satranç Club 1"]
[BlackTeam "Arminia Eilendorf 1"]

1. d4 Nf6 2. Bf4 g6 3. e3 Bg7 4. Nf3 O-O 5. Nbd2 d6 6. Bc4 Nh5 7. Bg5 h6 8. Bh4
c5 9. c3 cxd4 10. exd4 Nc6 11. O-O Bf5 12. h3 Nf4 13. Re1 Qd7 14. a4 Rac8 15.
a5 e5 16. d5 Ne7 17. Qb3 g5 18. Bg3 Neg6 19. Bb5 Qc7 20. Ne4 Bd7 21. Bf1 f5 22.
Ned2 Qc5 23. Qxb7 Rc7 24. Qb3 {(=)} e4 25. Nd4 Bxd4 26. cxd4 Qxd4 27. Rad1 Qf6
28. Nc4 Ne5 29. Nxe5 Qxe5 30. Bh2 Rfc8 31. g3 Ng6 32. f3 Rc2 33. fxe4 fxe4 34.
Bg2 Qxb2 35. Qxb2 Rxb2 36. Bxe4 Ne5 37. g4 Rc3 38. Bxe5 dxe5 39. Bd3 Bb5 40.
Rb1 Rxb1 {(=)} 41. Bxb1 Rxh3 42. Rxe5 Rg3+ {(=)} 1/2-1/2

[Event "SVM_Regionalliga_2023-24"]
[Site "?"]
[Date "2023.12.10"]
[Round "5.4"]
[White "Tipp, Alexander"]
[Black "Schüler, Hans-Ulrich"]
[Result "1-0"]
[WhiteElo "1847"]
[BlackElo "1927"]
[PlyCount "91"]
[EventDate "2023.12.10"]
[WhiteTeam "Arminia Eilendorf 1"]
[BlackTeam "Satranç Club 1"]

1. e4 c6 2. Nf3 d5 3. Nc3 dxe4 4. Nxe4 Nf6 5. Qe2 Nxe4 6. Qxe4 Nd7 7. Bc4 Nf6
8. Ne5 e6 9. Qe2 Bd6 10. d4 Nd5 11. Qh5 Bxe5 12. dxe5 Qe7 13. Bd2 b5 14. Bd3
Bb7 15. Qg4 f5 16. exf6 Nxf6 17. Qe2 O-O 18. Bc3 b4 19. Be5 c5 20. O-O-O Bd5
21. Bc4 Bxc4 22. Qxc4 Nd5 23. Rhe1 Nb6 24. Qg4 Rad8 25. Rxd8 Rxd8 26. Bg3 Re8
27. h4 c4 28. h5 b3 29. axb3 cxb3 30. cxb3 h6 31. Be5 Qg5+ 32. Qxg5 hxg5 33.
Bd4 Nd5 34. Re5 Nf4 35. Kc2 Rc8+ 36. Kb1 Nd3 37. Rb5 Rc7 38. f3 a6 39. Rb6 Rc1+
40. Ka2 Rc2 41. Rxe6 Rxg2 42. Bc3 Nf4 43. Rxa6 Nxh5 44. b4 g4 45. fxg4 Rxg4 46.
b5 1-0

[Event "SVM_Regionalliga_2023-24"]
[Site "?"]
[Date "2023.12.10"]
[Round "5.5"]
[White "Proba, Stefan"]
[Black "Alms, Frithjof"]
[Result "0-1"]
[WhiteElo "1895"]
[BlackElo "1811"]
[PlyCount "68"]
[EventDate "2023.12.10"]
[WhiteTeam "Satranç Club 1"]
[BlackTeam "Arminia Eilendorf 1"]

1. d4 c6 2. c4 d5 3. e3 Nf6 4. Nc3 Be6 5. b3 g6 6. Nf3 Bg7 7. Bd3 O-O 8. Bb2
Qd6 9. O-O Rd8 10. c5 Qc7 11. Ne5 Nbd7 12. f4 b6 13. b4 a5 14. b5 Nxe5 15. fxe5
Nd7 16. bxc6 Qxc6 17. Bb5 Qc7 18. Bxd7 Rxd7 19. Na4 bxc5 20. Nxc5 Rdd8 21. Nxe6
fxe6 22. Rc1 Qb7 23. Ba3 Rdc8 24. Qa4 Bh6 25. Rxc8+ Rxc8 26. Re1 Rc3 27. Qe8+
Kg7 28. Bxe7 Bxe3+ 29. Rxe3 Qb1+ 30. Kf2 Qc2+ 31. Re2 Qf5+ 32. Ke1 Rc1+ 33. Kd2
Qc2+ 34. Ke3 Qe4+ 0-1

[Event "SVM_Regionalliga_2023-24"]
[Site "?"]
[Date "2023.12.10"]
[Round "5.6"]
[White "Mainka, Ingmar"]
[Black "Langen, Dirk"]
[Result "1/2-1/2"]
[WhiteElo "1850"]
[BlackElo "1759"]
[PlyCount "85"]
[EventDate "2023.12.10"]
[WhiteTeam "Arminia Eilendorf 1"]
[BlackTeam "Satranç Club 1"]

1. e4 d6 2. d4 g6 3. f4 Bg7 4. Nf3 Nd7 5. e5 e6 6. Be3 Ne7 7. c4 d5 8. Nbd2 a6
9. c5 h6 10. b4 c6 11. Bd3 b5 12. Nb3 Nf5 13. Bf2 h5 14. Bxf5 exf5 15. Bh4 Qc7
16. O-O Nf8 17. Ng5 Ne6 18. Nxe6 fxe6 19. Qe1 O-O 20. Bg5 Kh7 21. Qh4 Ra7 22.
Rf3 Bd7 23. h3 Be8 24. g4 fxg4 25. hxg4 Bh6 26. Bf6 Bg7 27. Bg5 Bh6 28. Bxh6
Kxh6 29. Kg2 Qe7 30. Rh1 Rg8 31. Kf2 Qxh4+ 32. Rxh4 g5 33. Rh1 gxf4 34. Rxf4
Kg5 35. Rf6 hxg4 36. Kg3 Rf7 37. Rh4 Rxf6 38. Rxg4+ Kf5 39. Rxg8 Rg6+ 40. Rxg6
Bxg6 41. Kf3 Bh5+ 42. Ke3 Be8 43. Na5 {(=)} 1/2-1/2

[Event "SVM_Regionalliga_2023-24"]
[Site "?"]
[Date "2023.12.10"]
[Round "5.7"]
[White "Rublack, Valentin"]
[Black "Kühnert, Sven"]
[Result "1/2-1/2"]
[WhiteElo "1647"]
[BlackElo "1799"]
[PlyCount "81"]
[EventDate "2023.12.10"]
[WhiteTeam "Satranç Club 1"]
[BlackTeam "Arminia Eilendorf 1"]

1. d4 d5 2. f4 Nf6 3. Nf3 Bg4 4. Nbd2 e6 5. Ne5 c5 6. c3 Qb6 7. Qa4+ Nc6 8. e3
a6 9. Bd3 Bd6 10. O-O O-O 11. Nxg4 Nxg4 12. Rf3 Nxe3 13. Rxe3 cxd4 14. cxd4
Nxd4 15. Nb3 Nxb3 16. Qxb3 Qxb3 17. axb3 Bc5 18. Kf1 Bxe3 19. Bxe3 b5 20. b4
Rfc8 21. Bd4 f6 22. Kf2 Kf7 23. g3 g6 24. Kf3 Re8 25. Re1 Rac8 26. Kf2 Rc6 27.
Kf3 Rg8 28. Kf2 Rf8 29. Bc5 {(=)} Re8 30. Bd4 Kg7 31. Kf3 Re7 32. Kf2 Rf7 33.
Kg2 Kh6 34. Kg1 Kg7 35. Kg2 h5 36. h4 Rfc7 37. Bc5 Kf7 38. Kf3 Rc8 39. Kf2 Ra8
40. Bd4 Re8 41. Kf3 {(=)} 1/2-1/2

[Event "SVM_Regionalliga_2023-24"]
[Site "?"]
[Date "2023.12.10"]
[Round "5.1"]
[White "Schüller, Tobias"]
[Black "Vandenbergen, Nicolas"]
[Result "1/2-1/2"]
[WhiteElo "1918"]
[BlackElo "2133"]
[PlyCount "81"]
[EventDate "2023.12.10"]
[WhiteTeam "Eschweiler SC 1"]
[BlackTeam "Turm Euskirchen 1"]

1. d4 d5 2. c4 Nc6 3. cxd5 Qxd5 4. e3 e5 5. Nc3 Bb4 6. a3 Bxc3+ 7. bxc3 Nf6 8.
c4 Qd6 9. d5 Nb8 10. a4 Na6 11. Ba3 Nc5 12. Ne2 O-O 13. Nc3 Bf5 14. f3 Nfd7 15.
e4 Bg6 16. Bd3 Qe7 17. O-O Qg5 18. Bc1 Qf6 19. Be3 {(=)} Qa6 20. a5 f5 21. Qc2
fxe4 22. fxe4 Rxf1+ 23. Bxf1 Rf8 24. Be2 b6 25. Ra3 bxa5 26. Bd3 Rb8 27. Na4
Nxd3 28. Qxd3 Nf6 29. Nc5 {(=)} Qc8 30. h3 Rb2 31. Rxa5 Qb8 32. Kh2 h6 33. Rb5
Rxb5 34. cxb5 Be8 35. Qc3 Bxb5 36. Qxe5 a5 37. Bxh6 Qf8 38. Ne6 Qe7 39. Bxg7
Ng4+ {(=)} 40. hxg4 Qh4+ 41. Kg1 {(=)} 1/2-1/2

[Event "SVM_Regionalliga_2023-24"]
[Site "?"]
[Date "2023.12.10"]
[Round "5.2"]
[White "Neubauer, Jürgen"]
[Black "Henrotte, Nils"]
[Result "0-1"]
[WhiteElo "1963"]
[BlackElo "1968"]
[PlyCount "46"]
[EventDate "2023.12.10"]
[WhiteTeam "Turm Euskirchen 1"]
[BlackTeam "Eschweiler SC 1"]

1. e4 e6 2. d4 d5 3. e5 c5 4. c3 Nc6 5. Nf3 Nh6 6. Bd3 f6 7. Bxh6 gxh6 8. Qe2
cxd4 9. cxd4 Bg7 10. Nc3 O-O 11. O-O fxe5 12. dxe5 Bd7 13. Rae1 Be8 14. Nb5 Bh5
15. Qe3 Bxf3 16. gxf3 Qh4 17. Kg2 a6 18. Na3 Nd4 19. Be2 Rf5 20. Rd1 Nxe2 21.
Qxe2 Rg5+ 22. Kh1 Rh5 23. h3 Qxh3+ 0-1

[Event "SVM_Regionalliga_2023-24"]
[Site "?"]
[Date "2023.12.10"]
[Round "5.3"]
[White "Spies, Ulrich"]
[Black "Viganske, Christian"]
[Result "1/2-1/2"]
[WhiteElo "1866"]
[BlackElo "2036"]
[PlyCount "82"]
[EventDate "2023.12.10"]
[WhiteTeam "Eschweiler SC 1"]
[BlackTeam "Turm Euskirchen 1"]

1. e4 c5 2. c4 Nc6 3. Nc3 g6 4. g3 Bg7 5. Bg2 d6 6. Nge2 Nf6 7. O-O O-O 8. d3
a6 9. a4 Nd4 10. Nxd4 cxd4 11. Ne2 e5 12. h3 Bd7 13. b3 b5 14. axb5 axb5 15.
Bd2 Qb6 16. Qc2 Rfb8 17. Rfb1 Rxa1 18. Rxa1 bxc4 19. bxc4 Qb2 20. Ra2 Qxc2 21.
Rxc2 Rb1+ 22. Kh2 Ne8 23. Ra2 Kf8 24. Nc1 Ke7 25. Bf1 Nc7 26. Be2 Ne6 27. Bd1
Nc5 28. Bc2 Rb7 29. Kg2 f5 30. f3 Be6 31. Bg5+ Bf6 32. Bd2 fxe4 33. fxe4 Kd7
34. Kh2 Kc6 35. Kg2 Rb6 36. Ba5 {(=)} Ra6 37. Bd2 Rb6 38. Ba5 Rb8 39. Bd2 Bc8
40. Kh2 Be6 41. Kg2 Rb6 1/2-1/2

[Event "SVM_Regionalliga_2023-24"]
[Site "?"]
[Date "2023.12.10"]
[Round "5.4"]
[White "Hack, Thomas"]
[Black "Wilhelm, Oliver"]
[Result "1/2-1/2"]
[WhiteElo "1934"]
[BlackElo "1876"]
[PlyCount "80"]
[EventDate "2023.12.10"]
[WhiteTeam "Turm Euskirchen 1"]
[BlackTeam "Eschweiler SC 1"]

1. e4 e5 2. Nf3 Nc6 3. Bb5 a6 4. Ba4 Nf6 5. O-O b5 6. Bb3 Bc5 7. c3 Nxe4 8. d4
exd4 9. cxd4 Be7 10. Re1 d5 11. Nc3 Nxc3 12. bxc3 O-O 13. Qd3 Bf6 14. Ba3 Ne7
15. Bxe7 Bxe7 16. Bxd5 Qxd5 17. Rxe7 c6 18. Re5 Qd6 19. Rae1 h6 20. Nh4 Qf6 21.
Nf5 Be6 22. a3 Rae8 23. R1e3 Bxf5 24. Qxf5 Rxe5 25. Qxe5 Qxe5 26. Rxe5 Rd8 27.
Kf1 Kf8 {(=)} 28. Ke2 Re8 29. Kd3 f6 30. Re3 Rxe3+ 31. fxe3 Ke7 32. e4 Kd6 33.
h4 h5 34. c4 a5 35. cxb5 cxb5 36. g3 g6 37. Kc3 Kc6 38. Kd3 Kd6 39. Kc3 Kc6 40.
Kd3 Kd6 1/2-1/2

[Event "SVM_Regionalliga_2023-24"]
[Site "?"]
[Date "2023.12.10"]
[Round "5.5"]
[White "Huppertz, Andrea"]
[Black "Reckers, Sebastian"]
[Result "1-0"]
[WhiteElo "1728"]
[BlackElo "1865"]
[PlyCount "55"]
[EventDate "2023.12.10"]
[WhiteTeam "Eschweiler SC 1"]
[BlackTeam "Turm Euskirchen 1"]

1. d4 Nf6 2. Nf3 g6 3. Bf4 d6 4. e3 Bg7 5. h3 Nbd7 6. Bc4 O-O 7. c3 Re8 8.
Bxf7+ Kh8 9. Ng5 Nb6 10. Bxg6 Rf8 11. Nxh7 Nbd5 12. Nxf6 Nxf6 13. g4 Nd5 14.
Bg5 c5 15. Qb3 Be6 16. Qc2 cxd4 17. cxd4 Qa5+ 18. Qd2 Qb6 19. Nc3 Rac8 20. Nxd5
Bxd5 21. e4 Bxd4 22. Bf6+ Rxf6 23. Qh6+ Kg8 24. Qh7+ Kf8 25. Qh6+ Kg8 26. Qh7+
Kf8 27. Qh8+ Bg8 28. Qh6# 1-0

[Event "SVM_Regionalliga_2023-24"]
[Site "?"]
[Date "2023.12.10"]
[Round "5.6"]
[White "Alnafkhosh, Nashaat"]
[Black "Talic, Muharem"]
[Result "1-0"]
[WhiteElo "1755"]
[BlackElo "1595"]
[PlyCount "107"]
[EventDate "2023.12.10"]
[WhiteTeam "Turm Euskirchen 1"]
[BlackTeam "Eschweiler SC 1"]

1. e4 e5 2. Nf3 Nc6 3. Bb5 Nge7 4. O-O f6 5. d4 a6 6. Bxc6 Nxc6 7. Nc3 d6 8. d5
Na7 9. Ne2 Bg4 10. Ng3 Nb5 11. c3 Be7 12. h3 Bd7 13. a4 Na7 14. Nh4 g6 15. Bh6
Bf8 16. Be3 Nc8 17. f4 f5 18. Nf3 Bh6 19. Qd2 fxe4 20. Nxe4 Bf5 21. Neg5 e4 22.
Nd4 Ne7 23. Nde6 Qd7 24. Qd4 Rg8 25. Nxh7 Nxd5 26. Qxd5 Qxe6 27. Qxe6+ Bxe6 28.
Nf6+ Ke7 29. Nxg8+ Rxg8 30. b4 c6 31. Rf2 Bg7 32. Bd4 Bh6 33. g4 Bf8 34. Re1 d5
35. Bc5+ Kd7 36. Bxf8 Rxf8 37. Kg2 Kd6 38. Kg3 Bd7 39. Rd2 c5 40. Rxe4 Kc6 41.
Re5 cxb4 42. cxb4 Kc7 43. a5 Bc6 44. Re6 Rg8 45. Rf6 Rg7 46. f5 gxf5 47. Rxf5
Rd7 48. Rd4 Kd6 49. h4 Re7 50. h5 Re5 51. Kf4 Rxf5+ 52. Kxf5 Bd7+ 53. Kf6 Be8
54. h6 1-0

[Event "SVM_Regionalliga_2023-24"]
[Site "?"]
[Date "2023.12.10"]
[Round "5.7"]
[White "Khabbaz, Mohammad"]
[Black "Bernhardt, Thomas"]
[Result "0-1"]
[WhiteElo "1208"]
[BlackElo "1735"]
[PlyCount "64"]
[EventDate "2023.12.10"]
[WhiteTeam "Eschweiler SC 1"]
[BlackTeam "Turm Euskirchen 1"]

1. e4 c5 2. Nf3 d6 3. Be2 Nc6 4. c3 Nf6 5. d3 g6 6. Be3 c4 7. Qc1 cxd3 8. Bxd3
Ng4 9. Bd2 h5 10. Bb5 Bd7 11. Bxc6 Bxc6 12. Ng5 Qb6 13. Be3 Nxe3 14. fxe3 Bh6
15. Nxf7 Kxf7 16. O-O+ Kg7 17. Qc2 Qxe3+ 18. Qf2 Qxf2+ 19. Kxf2 Bxe4 20. Kg1
Rhf8 21. Na3 Rxf1+ 22. Kxf1 Rf8+ 23. Ke2 Bxg2 24. Re1 Bd5 25. c4 Bc6 26. Nc2
Rf4 27. Kd3 Rf3+ 28. Ke2 Rh3 29. Nd4 Rxh2+ 30. Kd1 Rd2+ 31. Kc1 Rxd4+ 32. Kc2
Rxc4+ 0-1

[Event "SVM_Regionalliga_2023-24"]
[Site "?"]
[Date "2023.12.10"]
[Round "5.8"]
[White "Billig, Karl-Heinz"]
[Black "Papadopoulos, Dimitri"]
[Result "1/2-1/2"]
[WhiteElo "1698"]
[BlackElo "1187"]
[PlyCount "54"]
[EventDate "2023.12.10"]
[WhiteTeam "Turm Euskirchen 1"]
[BlackTeam "Eschweiler SC 1"]

1. d4 d5 2. e3 c5 3. f4 e6 4. Nf3 Nf6 5. c3 Nc6 6. Bd3 cxd4 7. exd4 Bd6 8. Qe2
Qe7 9. O-O Bd7 10. Ne5 O-O-O 11. Nd2 Be8 12. Re1 Qc7 13. Ndf3 Kb8 14. Bd2 h5
15. b4 Ng4 16. a4 Ngxe5 17. Nxe5 Nxe5 18. fxe5 Be7 19. Reb1 f6 20. Re1 fxe5 21.
Qxe5 Qxe5 22. Rxe5 Bd6 23. Rxe6 h4 24. Bg5 Bf7 25. Rxd6 Rxd6 26. Bf4 Rhd8 27.
Bxd6+ Rxd6 {(=)} 1/2-1/2

[Event "SVM_Regionalliga_2023-24"]
[Site "?"]
[Date "2023.12.10"]
[Round "5.1"]
[White "Gulbas, Cemil"]
[Black "Hess, Christian"]
[Result "1-0"]
[WhiteElo "2361"]
[BlackElo "1995"]
[PlyCount "63"]
[EventDate "2023.12.10"]
[WhiteTeam "DJK Aufwärts Aachen 1"]
[BlackTeam "Langenfelder SF 2"]

1. e4 c5 2. Nf3 d6 3. d4 cxd4 4. Nxd4 Nf6 5. Nc3 a6 6. h3 e5 7. Nb3 Be6 8. f4
Nc6 9. f5 Bxb3 10. axb3 b5 11. Be3 Be7 12. g4 h6 13. Bg2 Nb4 14. O-O Rc8 15.
Rf2 Qc7 16. Rd2 O-O 17. h4 Nh7 18. Qe1 Qd8 19. Bf2 g5 20. h5 Nf6 21. Qe2 Qc7
22. Kh1 Qb7 23. Nd1 Rfd8 24. c3 Nc6 25. Ne3 Nb8 26. b4 Nbd7 27. Qd3 Nb6 28. b3
d5 29. exd5 e4 30. Qd4 Nbxd5 31. Bxe4 Rxc3 32. Nxd5 1-0

[Event "SVM_Regionalliga_2023-24"]
[Site "?"]
[Date "2023.12.10"]
[Round "5.2"]
[White "Weisshaupt, Rainer"]
[Black "Hoffmann, Max"]
[Result "1/2-1/2"]
[WhiteElo "1943"]
[BlackElo "2169"]
[PlyCount "99"]
[EventDate "2023.12.10"]
[WhiteTeam "Langenfelder SF 2"]
[BlackTeam "DJK Aufwärts Aachen 1"]

1. e4 c5 2. Nf3 e6 3. Na3 a6 4. g3 b5 5. Bg2 Bb7 6. d3 d5 7. exd5 Bxd5 8. O-O
Nf6 9. Bf4 Nbd7 10. c4 Bc6 11. Ne5 Bxg2 12. Kxg2 g5 13. Nxd7 Nxd7 14. Be3 b4
15. Nc2 e5 16. Qg4 Be7 17. Rae1 Qb6 18. f4 Qg6 19. f5 Qc6+ 20. Qe4 Rc8 21. b3
Qd6 22. Bc1 f6 23. Ne3 h5 24. Bb2 Kf7 25. Rf2 g4 26. Ra1 Nf8 27. a3 bxa3 28.
Rxa3 Nd7 29. Bc3 Nb8 30. Rfa2 Rhd8 31. Nd5 Qc6 32. Kf2 Rd7 33. Kg2 Rcd8 34. Rf2
Rxd5 35. cxd5 Qxd5 36. Rd2 Bf8 37. Qxd5+ Rxd5 38. Ra4 Bh6 39. Rd1 Ke7 40. Kf2
Kd7 41. Ke2 Kc6 42. h3 gxh3 43. Rh4 Bg5 44. Rxh3 Rd7 45. Rxh5 Kd5 46. Rh8 Rb7
47. Rb1 Nc6 48. Ra8 Rb6 49. Re8 Rb7 50. Ra8 {(=)} 1/2-1/2

[Event "SVM_Regionalliga_2023-24"]
[Site "?"]
[Date "2023.12.10"]
[Round "5.3"]
[White "Cnossen, Wiebe"]
[Black "Hess, Dennis"]
[Result "1-0"]
[WhiteElo "2134"]
[BlackElo "1925"]
[PlyCount "73"]
[EventDate "2023.12.10"]
[WhiteTeam "DJK Aufwärts Aachen 1"]
[BlackTeam "Langenfelder SF 2"]

1. c4 Nf6 2. Nc3 d5 3. cxd5 Nxd5 4. g3 Nxc3 5. bxc3 Qd5 6. Nf3 e5 7. Bg2 c5 8.
O-O e4 9. Ne1 Bd7 10. d3 f5 11. Bb2 Bc6 12. Nc2 Qe6 13. dxe4 fxe4 14. Ne3 Nd7
15. c4 Nb6 16. Qc2 O-O-O 17. a4 h5 18. a5 Nd7 19. Nd5 Re8 20. Ra3 h4 21. Rd1
hxg3 22. hxg3 Qh6 23. Re3 Nf6 24. Bxf6 gxf6 25. Rxe4 Qh2+ 26. Kf1 Rd8 27. Re3
Rh5 28. a6 Bd6 29. axb7+ Kb8 30. Re6 Bxb7 31. Rb1 Bc7 32. Rxb7+ Kxb7 33. Ne7+
Kb8 34. Qb3+ Bb6 35. Rxb6+ Kc7 36. Rb7+ Kd6 37. Qd3+ 1-0

[Event "SVM_Regionalliga_2023-24"]
[Site "?"]
[Date "2023.12.10"]
[Round "5.4"]
[White "Unshelm, Jan Erik"]
[Black "Dönitz, Christian"]
[Result "1-0"]
[WhiteElo "1378"]
[BlackElo "1943"]
[PlyCount "43"]
[EventDate "2023.12.10"]
[WhiteTeam "Langenfelder SF 2"]
[BlackTeam "DJK Aufwärts Aachen 1"]

1. d4 Nf6 2. Nc3 d5 3. Bf4 c5 4. e3 cxd4 5. exd4 a6 6. Nf3 Bg4 7. h3 Bxf3 8.
Qxf3 e6 9. g4 Qa5 10. O-O-O Nc6 11. g5 Nd7 12. Qg3 O-O-O 13. Be2 b5 14. Bd6 Nb6
15. Bxf8 Rhxf8 16. a3 Kb7 17. Nb1 Rc8 18. Rd2 Rc7 19. b4 Qa4 20. c3 Nxb4 21.
axb4 Qxb4 22. Qxc7+ 1-0